Umenie potrebuje sponzorov Kultúrny národ sa za podporu odvďačí
Sponzorovanie kultúrnych akcií š.p. AB Kozmetika. Možnosti čerpania financií na kultúru zo Štátneho fondu kultúry Pro Slovakia. Kritériá pre posudzovanie žiadostí pre komisiu divadelníctva.
Salvato in:
| Autore principale: | |
|---|---|
| Natura: | Capitolo di libro |
| Lingua: | slovacco |
| Soggetti: | |
| Tags: |
Nessun Tag, puoi essere il primo ad aggiungerne!!
|
MARC
| LEADER | 00000naa a2200000 4500 | ||
|---|---|---|---|
| 001 | r000397 | ||
| 005 | 20221213114014.3 | ||
| 041 | 0 | |a slo | |
| 044 | |a SK | ||
| 245 | 1 | 0 | |a Umenie potrebuje sponzorov |b Kultúrny národ sa za podporu odvďačí |c M. Potančok |
| 520 | |a Sponzorovanie kultúrnych akcií š.p. AB Kozmetika. Možnosti čerpania financií na kultúru zo Štátneho fondu kultúry Pro Slovakia. Kritériá pre posudzovanie žiadostí pre komisiu divadelníctva. | ||
| 610 | 2 | 0 | |a sponzorovanie |
| 610 | 2 | 0 | |a kultúra |
| 610 | 2 | 0 | |a AB Kozmetika, š.p. |
| 610 | 2 | 0 | |a Pro Slovakia |
| 610 | 2 | 0 | |a financovanie |
| 100 | 1 | |a Potančok, Milan | |